000 00396nam a2200169Ia 4500
001 5785
003 IN-NITTTR
005 20251114233012.0
008 251113s9999||||xx |||||||||||||| ||eng||
040 _beng
040 _cIN-NITTTR
041 _aeng
082 _a621.383 H413A
100 _aH.M. Fleet,
245 0 _aAdmiralty handbook of wireless telegraphy. /
_cH.M. Fleet
942 _2ddc
_cBK
999 _c8422
_d8422